000 00497nam a22001697a 4500
999 _c16698
_d16698
003 AR-CdUCM
008 190504b ||||| |||| 00| 0 spa d
040 _aMUNICIPALIDAD PROVINCIAL DEL CUSCO
_cBIBLIOTECA MUNICIPAL DEL CUSCO
082 _a869.56 /
_bD65
100 _aDextre, Max.
_936292
245 _aLa nave de Orión /
260 _aPerú :
_bConcytec,
_c1988.
300 _a146 páginas ;
_c22 cm.
650 _aCiencia y ficción.
_94909
942 _2ddc
_cLIBROS
945 _arum
_d2019-05-04